[Event "BCF-chT4 2223 (4NCL)"]
[Site "England"]
[Date "2023.05.01"]
[Round "11.146"]
[White "Dairi, Daniella"]
[Black "Rose, Peter"]
[Result "0-1"]
[WhiteElo "700"]
[BlackElo "1475"]
[PlyCount "52"]
[EventDate "2022.11.05"]
[EventType "team-swiss"]
[EventRounds "11"]
[EventCountry "ENG"]
[SourceTitle "EXT 2024"]
[Source "ChessBase"]
[SourceDate "2023.10.10"]
[SourceVersion "1"]
[SourceVersionDate "2023.10.10"]
[SourceQuality "1"]
[WhiteTeam "Watford II"]
[BlackTeam "Celtic Tigers III"]
[WhiteTeamCountry "ENG"]
[BlackTeamCountry "ENG"]

1. e4 c6 2. Nc3 d5 3. e5 Bf5 4. d3 e6 5. Nf3 Ne7 6. Be2 Ng6 7. Ng5 Nxe5 8. Bf4 Nbd7 9. d4 Ng6 10. Bh5 h6 11. Nh3 Bxh3 12. gxh3 Nxf4 13. Bf3 Bb4 14. Qd2 Bxc3 15. Qxc3 0-0 16. 0-0-0 Qg5 17. Kb1 Rfc8 18. h4 Qf6 19. Rdg1 c5 20. Qd2 Qxd4 21. Qc1 Ne5 22. Bd1 Nh3 23. Rf1 Nxf2 24. Rhg1 Nxd1 25. Rxd1 Qxh4 26. Rd2 Nf3 0-1